Ekonomičeskije problemy kompleksnoj programy "Chlopok"

Salvato in:
Dettagli Bibliografici
Natura: Libro
Lingua:russo
Pubblicazione: Taškent Fan 1981
Tags: Aggiungi Tag
Nessun Tag, puoi essere il primo ad aggiungerne!!

MARC

LEADER 00000nam a2200000 4500
001 c129529
005 20041019155246.6
041 0 |a rus 
044 |a UZ 
245 1 0 |a Ekonomičeskije problemy kompleksnoj programy "Chlopok" 
264 1 |a Taškent  |b Fan  |c 1981 
300 |a 395 s.